Una ojeada a la materia

Guardat en:
Dades bibliogràfiques
Autors principals: Aguilar Sahagún, Guillermo (Autor), Cruz Jiménez, Salvador (Autor), Flores Valdes, Jorge (Autor)
Format: Llibre
Idioma:espanyol
Publicat: Ciudad de México Secretaría de Educación Pública 1986
Col·lecció:La Ciencia Desde México, 3
Matèries:
Etiquetes: Afegir etiqueta
Sense etiquetes, Sigues el primer a etiquetar aquest registre!

MARC

LEADER 00000nam a2200000 a 4500
001 UCW8480
003 CL-VaPUC
008 880913e19860000MX |||||||||||||||||spa|d
082 0 4 |a 530  |b AGU  |2 21 
100 0 |a Aguilar Sahagún, Guillermo  |e author  |9 313657 
700 0 |a Cruz Jiménez, Salvador  |e author  |9 313658 
700 0 |a Flores Valdes, Jorge  |e author  |9 313659 
245 1 4 |a Una ojeada a la materia 
300 |a 167 p 
942 |c BK 
945 |d 19880913 00:00:00 
260 |a Ciudad de México  |b Secretaría de Educación Pública  |c 1986 
650 0 |a Física   |9 227844 
650 0 |a Materia  |9 265041 
583 |a last modification  |c 19880913 00:00:00  |k Rodrigo Vera 
490 0 |a La Ciencia Desde México, 3 
999 |c 220836  |d 220834 
952 |0 0  |1 0  |4 0  |6 530_000000000000000_AGU_1986  |7 0  |8 A  |9 213550  |a BIBCUR  |b BIBCUR  |d 2019-11-15  |i 3178919  |o 530 AGU 1986  |p 3178919  |r 2025-04-22  |w 2019-11-15  |y BK  |k BCB